Strategies for industrial development : (Record no. 1680)
[ view plain ]
| 000 -LEADER | |
|---|---|
| fixed length control field | nam a22 a 4500 |
| 003 - CONTROL NUMBER IDENTIFIER | |
| control field | AKMAL |
| 005 - DATE AND TIME OF LATEST TRANSACTION | |
| control field | 20170511123233.0 |
| 008 - FIXED-LENGTH DATA ELEMENTS--GENERAL INFORMATION | |
| fixed length control field | 170511 1989 my da g 000 eng d |
| 020 ## - INTERNATIONAL STANDARD BOOK NUMBER | |
| International Standard Book Number | 9679928144 |
| 039 #9 - LEVEL OF BIBLIOGRAPHIC CONTROL AND CODING DETAIL [OBSOLETE] | |
| Level of rules in bibliographic description | 200907091621 |
| Level of effort used to assign nonsubject heading access points | avid1 |
| Level of effort used to assign subject headings | 200904151251 |
| Level of effort used to assign classification | avid1 |
| 040 ## - CATALOGING SOURCE | |
| Original cataloging agency | AKMAL |
| 082 04 - DEWEY DECIMAL CLASSIFICATION NUMBER | |
| Classification number | 331.09 WON |
| Edition number | 21 |
| 090 00 - LOCALLY ASSIGNED LC-TYPE CALL NUMBER (OCLC); LOCAL CALL NUMBER (RLIN) | |
| Classification number (OCLC) (R) ; Classification number, CALL (RLIN) (NR) | 331.09 |
| Local cutter number (OCLC) ; Book number/undivided call number, CALL (RLIN) | WON |
| 245 00 - TITLE STATEMENT | |
| Title | Strategies for industrial development : |
| Remainder of title | concept and policy issues / |
| Statement of responsibility, etc. | edited by Suh Jang-Won |
| 260 ## - PUBLICATION, DISTRIBUTION, ETC. | |
| Place of publication, distribution, etc. | Kuala Lumpur : |
| Name of publisher, distributor, etc. | Asian and Pacific Development Centre , |
| Date of publication, distribution, etc. | 1989 |
| 300 00 - PHYSICAL DESCRIPTION | |
| Extent | 406p. ; |
| Dimensions | 25cm. |
| 650 ## - SUBJECT ADDED ENTRY--TOPICAL TERM | |
| Topical term or geographic name entry element | Economic policy |
| 9 (RLIN) | 3401 |
| 700 ## - ADDED ENTRY--PERSONAL NAME | |
| Personal name | Suh, Jang-Won |
| 9 (RLIN) | 3446 |
| 942 ## - ADDED ENTRY ELEMENTS (KOHA) | |
| Source of classification or shelving scheme | |
| Koha item type | Book |
| Withdrawn status | Lost status | Source of classification or shelving scheme | Damaged status | Not for loan | Collection code | Home library | Current library | Shelving location | Date acquired | Inventory number | Total Checkouts | Full call number | Barcode | Date last seen | Price effective from | Koha item type |
|---|---|---|---|---|---|---|---|---|---|---|---|---|---|---|---|---|
| NON-FICTION | AKMAL Melaka | AKMAL Melaka | PINJAMAN | 11.05.2017 | 301304 | 331.09 WON | 201705440 | 11.05.2017 | 11.05.2017 | Book |
